A criticism of the RIBA Joint Contracts Tribunal contracts (Record no. 96019)
[ view plain ]
| 000 -LEADER | |
|---|---|
| fixed length control field | 00752cam a2200205 4500 |
| 001 - CONTROL NUMBER | |
| control field | D5907 |
| 008 - FIXED-LENGTH DATA ELEMENTS--GENERAL INFORMATION | |
| fixed length control field | 090401t1974 xxu||||| |||| 00| 0 eng d |
| 035 ## - SYSTEM CONTROL NUMBER | |
| System control number | (Sirsi) u75465 |
| 041 ## - LANGUAGE CODE | |
| Language code of text/sound track or separate title | eng |
| 050 ## - LIBRARY OF CONGRESS CALL NUMBER | |
| Classification number | 692.8 |
| 100 ## - MAIN ENTRY--PERSONAL NAME | |
| Personal name | Duncan Wallace, Ian Norman |
| Titles and words associated with a name | 1922-2006 |
| 245 #2 - TITLE STATEMENT | |
| Title | A criticism of the RIBA Joint Contracts Tribunal contracts |
| 260 ## - PUBLICATION, DISTRIBUTION, ETC. | |
| Place of publication, distribution, etc. | London |
| Name of publisher, distributor, etc. | Institute of Quantity Surveyors |
| Date of publication, distribution, etc. | 1974 |
| 300 ## - PHYSICAL DESCRIPTION | |
| Extent | 30p. 30cm |
| 350 ## - PRICE (NR) (BK AM CF MU VM SE) [OBSOLETE] | |
| Price | 0 |
| 520 ## - SUMMARY, ETC. | |
| Summary, etc. | Includes articles: A reply to Mr. Duncan Wallace/M Chavasse and P.E.T. Spencer - And now for something completely different/Glyn P. Jones; correspondence. Reprinted from: The Quantity Surveyor, 1973 - 4 |
| 710 ## - ADDED ENTRY--CORPORATE NAME | |
| Corporate name or jurisdiction name as entry element | Institute of Quantity Surveyors |
| 9 (RLIN) | 2491 |
| 942 ## - ADDED ENTRY ELEMENTS (KOHA) | |
| Suppress in OPAC | 0 |
| 948 ## - LOCAL PROCESSING INFORMATION (OCLC); SERIES PART DESIGNATOR (RLIN) | |
| c (OCLC) | 04/03/1997 |
| Withdrawn status | Lost status | Source of classification or shelving scheme | Damaged status | Not for loan | Home library | Current library | Shelving location | Date acquired | Total Checkouts | Full call number | Barcode | Date last seen | Copy number | Price effective from | Koha item type |
|---|---|---|---|---|---|---|---|---|---|---|---|---|---|---|---|
| Dewey Decimal Classification | London | London | Basement | 14/09/1999 | SHELF 113 | 30004670 | 06/08/2019 | 1 | 06/08/2019 | Book |